Mario and Luigi Dream Team Bosses - Statistics

General Stats
  • This quiz has been taken 18 times
  • The average score is 24 of 37
Answer Stats
Area Boss % Correct
Dreamy Mushrise Park (Dreams Deep) Bowser and Antasma
91%
Pi’illo Castle Bowser Jr.
91%
Dreamy Neo Bowser Caste Antasma
82%
Pi’illo Castle Antasma X
82%
Pi’illo Castle Bowser X and Antasma X
82%
Neo Bowser Castle Dreamy Bowser
82%
Mushrise Park Grobot
82%
Dreamy Wakeport Big Massif
73%
Dreamy Pi’illo Castle Dreamy Mario
73%
Pi’illo Castle Grobot X
73%
Dreamy Mount Pajamaja Mount Pajamaja
73%
Pi’illo Castle Big Massif X
64%
Dreamy Driftwood Shore Elite Trio
64%
Pi’illo Castle Elite Trio X
64%
Dreamy Neo Bowser Castle Giant Bowser
64%
Neo Bowser Castle (x3) Kamek
64%
Mount Pajamaja Mammoshka
64%
Somnom Woods Pi’illodium
64%
Pi’illo Castle Pi’illodium X
64%
Dreamy Dozing Sands Robo-Drilldigger
64%
Dozing Sands Torkscrew
64%
Wakeport Wiggler and Popple
64%
Dreamy Somnom Woods Zeekeeper
64%
Dreamy Wakeport Beef Cloud
55%
Dreamy Wakeport Earthwake
55%
Pi’illo Castle Giant Bowser X
55%
Dreamy Wakeport Heavy Zest
55%
Pi’illo Castle Mammoshka X
55%
Pi’illo Castle Mount Pajamaja X
55%
Pi’illo Castle Smoldergeist
55%
Dreamy Wakeport Sorrow Fist
55%
Dreamy Wakeport Thunder Sass
55%
Pi’illo Castle Torkscrew X
55%
Pi’illo Castle Zeekeeper X
55%
Pi’illo Castle Earthwake X
45%
Pi’illo Blimport Fly Guy R Thieves
45%
Pi’illo Castle Robo-Drilldigger X
45%
No matching quizzes found
Score Distribution
Percent of People with Each Score
Percentile by Number Answered
Your Score History
You have not taken this quiz